1382 1287 1782 1644 1497 1461 1811 1707 1835 1029 1505 1516 1727 1358 1308 1396 1250 1706 1591 1395 1199 1108 1665 1072 1703 1530 1668 1185 1091 1179 1822 1090 1258 1104 1144 1938 1356 1354 1860 1520 1528 1770 1096 1590 1499 1588 1343 1393 1473 1451 1998 1962 1434 1373 1742 1856 1944 1465 1581 1227 1823 1401 1493 1768 1291 1583 1607 1642 1861 1334 1909 1872 1815 1892 1390 1476 1935 1380 1672 1393 1366 1252 1521 1014 1910 1984 1537 1671 1191 1749 1683 1795 1102 1044 1323 1737 1414 1663 1884 BCNSPRNW ULIB Ver.6.0+V

เปลี่ยนเป็นภาษาไทย

Change to English
 แสดงรายละเอียดบรรณานุกรม
  กลับหน้าหลัก

Brief Record : Get Marc (ISO 2709) : E-mail record : QR code < ปิดหน้าต่าง
LEADER : 00000nam 2200000uu 4500
001    13399125953
003     ULIB
008    020711s|||| th a 000 0 tha d
050    ^aBQ4570^bธ321
245    ^aธรรมะการปฏิบัติธรรม
260    ^aกรุงเทพฯ :^bสำนักพิมพ์ธนชัยรุ่งเรืองพัฒนา,^cม.ป.ป.
300    ^a148 หน้า;^c21 ซม.
650    ^aธรรมะ
650  0 ^aการปฏิบัติธรรม
945    ^p0^l0^i003393
999    ^aประนอม เกษจรัล
รายการนี้ยังไม่มีแท็ก
คุณยังไม่ได้ล็อกอิน คุณสามารถมีกิจกรรมร่วมกับเว็บไซต์ได้ แต่ต้องล็อกอินก่อน ::
  ล็อกอิน

รายการสื่อสารสนเทศ

ลำดับที่ ประเภท เลขเรียก/บาร์โค้ด สถานที่ สถานะ
1. การศึกษาทั่วไป
การศึกษาทั่วไป
BQ4570 ธ321 ฉ.1 
  Barcode: 003393
ห้องสมุดวิทยาเขตสวรรค์ประชารักษ์
►หนังสือทั่วไป
บนชั้น

รายการใกล้เคียง
    หัวเรื่อง [ธรรมะ]
    หัวเรื่อง [การปฏิบัติธรรม]

BibComment


ยังไม่เคยถูกคอมเมนท์

คอมเมนท์ทรัพยากรรายการนี้
  คอมเมนท์: ธรรมะการปฏิบัติธ..


 Copyright 2026. Bcnsprnw @Library